|
|
|
|
| LEADER |
00000nas a2200000 a 4500 |
| 001 |
ssj0000490880 |
| 003 |
WaSeSS |
| 005 |
20200512172242.0 |
| 006 |
m d |
| 007 |
cr n |
| 008 |
110505c20109999enkqx p sg 0 0eng c |
| 010 |
|
|
|a 2012267004
|
| 015 |
|
|
|a GBB7C4434
|2 bnb
|
| 016 |
7 |
|
|a 018166455
|2 Uk
|
| 022 |
|
|
|a 2190-8249
|l 1867-299X
|y 1867-299X
|
| 035 |
|
|
|a (WaSeSS)ssj0000490880
|
| 037 |
|
|
|a 22573/ctt83k1pz
|b JSTOR
|
| 040 |
|
|
|a CLL
|b eng
|e pn
|c CLL
|d CLL
|d AUD
|d DOS
|d OCLCQ
|d OCLCF
|d OCLCQ
|d TEF
|d CUS
|d NLE
|d NTG
|d UKMGB
|d OCL
|d DLC
|d WaSeSS
|
| 042 |
|
|
|a pcc
|
| 043 |
|
|
|a e------
|
| 050 |
0 |
0 |
|a K5
|
| 082 |
0 |
4 |
|a 344.4
|2 23
|
| 210 |
0 |
|
|a Eur. j. risk regul.
|b (Internet)
|
| 222 |
|
0 |
|a European journal of risk regulation
|b (Internet)
|
| 245 |
0 |
0 |
|a European journal of risk regulation
|h [electronic resource] :
|b EJRR.
|
| 246 |
1 |
|
|a EJRR
|
| 246 |
1 |
|
|a Eur. J. Risk Reg
|
| 260 |
|
|
|a Berlin :
|b Lexxion,
|c 2010-
|
| 310 |
|
|
|a Four issues a year
|
| 362 |
1 |
|
|a Began with vol. 1, no. 1 (2010).
|
| 506 |
|
|
|a License restrictions may limit access.
|
| 515 |
|
|
|a Called also: 2010/1-
|
| 588 |
|
|
|a Description based on: Vol. 1, no. 1 (2010); title from journal website (viewed May 5, 2011).
|
| 588 |
|
|
|a Latest issue consulted: Vol.11, no. 1 (2020) (Cambridge Core, viewed April 23, 2020).
|
| 650 |
|
0 |
|a Risk management
|x Law and legislation
|v Periodicals.
|
| 650 |
|
0 |
|a Risk management
|x Law and legislation
|z European Union countries
|v Periodicals.
|
| 650 |
|
7 |
|a Risk management
|x Law and legislation.
|2 fast
|0 (OCoLC)fst01098178
|
| 651 |
|
7 |
|a European Union countries.
|2 fast
|0 (OCoLC)fst01269470
|
| 655 |
|
0 |
|a Electronic journals.
|
| 776 |
0 |
8 |
|i Print version:
|t European journal of risk regulation
|x 1867-299X
|w (DLC) 2011235123
|w (OCoLC)708342756
|
| 850 |
|
|
|a DLC
|
| 856 |
4 |
0 |
|z Full text available from Research Library: 01/01/2010 to 1 year ago
|u https://search.proquest.com/publication/136206
|